000 00275nam a2200109Ia 4500
008 220204s9999 xx 000 0 und d
082 _a778.534
_bPER;1
100 _aPerisic, Zoran
245 0 _aFocal guide to shooting animation
260 _aLondon
_bFocal
_c1978
942 _cBK
999 _c33079
_d33079